| 000 | 00875nam a22001817a 4500 | ||
|---|---|---|---|
| 005 | 20250110115145.0 | ||
| 010 | _aHIN-129153 | ||
| 020 |
_a9789356842458 _c350.00 |
||
| 035 | _aHN-101499 | ||
| 037 | _bDBAD | ||
| 082 | _a954.05 | ||
| 100 |
_aआर्य, राकेश कुमार _976333 |
||
| 245 |
_aमेवाड़ के महाराणा और उनकी गौरव गाथा / _cराकेश कुमार आर्य |
||
| 260 |
_aनई दिल्ली _bडायमंड पॉकेट बुक्स _c2023 |
||
| 270 |
_aX-30, ओखला इंडस्ट्रियल एरिया, फेज-2 _bनई दिल्ली _e110020 _k011-40712200 _msales@dpb.in _mwecare@diamondbooks.in |
||
| 300 |
_a310 पृ. _c22 सेमी (अजिल्द) |
||
| 942 |
_cHN _2ddc _h954.05 _mआर्यरा |
||
| 999 |
_c208358 _d208358 |
||